| 000 | 01558cad a22002655a 4500 | ||
|---|---|---|---|
| 001 | L160096 | ||
| 008 | 100611s2009 xxk f 000 0 eng d | ||
| 035 | _a(Sirsi) u160096 | ||
| 041 | 0 | _aeng | |
| 110 | 2 | _aFederation International Des Geometres | |
| 111 | 2 |
_aFIG / World Bank Conference Washington DC, USA _d9 - 10 March 2009 |
|
| 245 | 0 | 0 |
_aFormulating a sectoral approach to urban land policy _bThe case of Kenya _h[electronic resource] |
| 260 |
_aWashington _bFIG _c2009 |
||
| 520 | _aKenya has not had a single and clearly defined and codified National Land Policy since independence (Ministry of Lands, 2007). In the interim, a complex set of land laws has evolved, some of which are conflicting, resulting in an overly complex and inefficient land administration and management system. In May 2007 a draft National Land Policy was published following widespread participation of stakeholders and the policy will most likely to be presented before Parliament for approval in 2009. This is an ambitious policy to generate sustainable socio-economic development and significantly supports the Millennium Development Goals. | ||
| 521 | _aAdvanced | ||
| 590 | _aKA | ||
| 650 | 2 | 4 | _aDEVELOPMENT POLICY |
| 650 | 2 | 4 | _aLAND POLICY |
| 650 | 2 | 4 | _aLAND ADMINISTRATION |
| 651 | 4 | _aKenya | |
| 690 |
_aLand use _96251 |
||
| 700 | 1 | _aMcLaren, Robin | |
| 856 | 4 | 0 |
_uhttps://www.rics.org/Global/Downloads/RICS_FIG_Washington_-_Formulating_a_sectoral_approach_to_urban_land_policy.pdf _zView the conference paper free of charge at www.rics.org |
| 942 | _n0 | ||
| 999 |
_c116212 _d116212 |
||